Problemática del nuevo orden económico internacional /
Gorde:
| Egile nagusia: | |
|---|---|
| Egile korporatiboa: | , |
| Formatua: | Texto |
| Argitaratua: |
La Habana:
CEDEM
|
| Etiketak: |
Etiketa erantsi
Etiketarik gabe, Izan zaitez lehena erregistro honi etiketa jartzen!
|
MARC
| LEADER | 00000 a a2200000 04500 | ||
|---|---|---|---|
| 001 | 23856 | ||
| 003 | |||
| 040 | |||
| 090 | |a 168900 | ||
| 100 | |a Baró Herrera, Silvio | ||
| 110 | |a Universidad de La Habana | ||
| 245 | |a Problemática del nuevo orden económico internacional / |c Universidad de La Habana | ||
| 260 | |a La Habana: |b CEDEM | ||
| 300 | |a 35 p | ||
| 710 | |a CEDEM |a CIEI | ||
| 999 | |c 12963 |d 12963 | ||
